|
|
|
|
| LEADER |
01802nam a2200433Ia 4500 |
| 001 |
EBC239625 |
| 003 |
MiAaPQ |
| 005 |
20200520144314.0 |
| 006 |
m o d | |
| 007 |
cr cn||||||||| |
| 008 |
041019s2004 nju sb 001 0 eng d |
| 010 |
|
|
|z 2004061094
|
| 020 |
|
|
|z 9812387625
|
| 035 |
|
|
|a (MiAaPQ)EBC239625
|
| 035 |
|
|
|a (Au-PeEL)EBL239625
|
| 035 |
|
|
|a (CaPaEBR)ebr10091233
|
| 035 |
|
|
|a (CaONFJC)MIL187711
|
| 035 |
|
|
|a (OCoLC)62470678
|
| 040 |
|
|
|a MiAaPQ
|c MiAaPQ
|d MiAaPQ
|
| 050 |
|
4 |
|a HC412
|b .A744 2004
|
| 082 |
0 |
4 |
|a 337.5
|2 22
|
| 245 |
0 |
0 |
|a Asian economic cooperation in the new millennium
|h [electronic resource] :
|b China's economic presence /
|c edited by Calla Wiemer, Heping Cao.
|
| 260 |
|
|
|a Hackensack, N.J. :
|b World Scientific Pub.,
|c 2004.
|
| 300 |
|
|
|a xiv, 431 p.
|
| 490 |
1 |
|
|a Advanced research in Asian economic studies ;
|v v. 1
|
| 500 |
|
|
|a Revised papers from a conference held at Peking University in May 2002, sponsored by the American Committee on Asian Economic Studies, Peking University School of Economics, and the China Reform Forum.
|
| 504 |
|
|
|a Includes bibliographical references and index.
|
| 533 |
|
|
|a Electronic reproduction. Ann Arbor, MI : ProQuest, 2015. Available via World Wide Web. Access may be limited to ProQuest affiliated libraries.
|
| 650 |
|
0 |
|a Economics.
|
| 651 |
|
0 |
|a Asia
|x Economic integration.
|
| 651 |
|
0 |
|a Asia
|x Economic policy.
|
| 651 |
|
0 |
|a China
|x Foreign economic relations.
|
| 651 |
|
0 |
|a China
|x Economic policy.
|
| 655 |
|
4 |
|a Electronic books.
|
| 700 |
1 |
|
|a Wiemer, Calla.
|
| 700 |
1 |
|
|a Cao, Heping,
|d 1957-
|
| 710 |
2 |
|
|a ProQuest (Firm)
|
| 830 |
|
0 |
|a Advanced research in Asian economic studies ;
|v v. 1.
|
| 856 |
4 |
0 |
|u https://ebookcentral.proquest.com/lib/matrademy/detail.action?docID=239625
|z Click to View
|